01331 2200409 4500001002100000005001500021035002000036007000300056008004100059020002200100040002200122082001200144084001400156090001800170090002200188090002200210100004300232245012200275250003400397250003300431300005800464650002300522700002100545850001200566504003300578264005400611264005400665336002100719337003000740338002300770999002200793999002200815990002200837990002200859990002000881990002000901INLIS00000000085273920191125125517 a0010-1119000147ta191106s20172018yoia g ind d a978-602-386-140-8 aYOPDYOGbinderda04223a519 a519 WAH p aDEP 519 WAH p aCB-D.11 2018-3410 aCB-D.11 2017-12930 aWahyudi Budi Sediawan,d1953-epenulis10aPenalaran & imajinasi kuantitatif : berbasis matematika sederhana /cpenulis, Wahyudi Budi Sediawan; penyunting, Siti aCetakan pertama, Oktober 2017 aCetakan kedua, Februari 2018 axii, 258 halaman :bilustrasi, tabel, grafik ;c23 cm 4aMatematika terapan0 aSitiePenyunting aYOPDYOG aBibliografi: halaman 257-25831aYogyakarta :bGadjah Mada University Press,c201731aYogyakarta :bGadjah Mada University Press,c2018 2rdacontentateks 2rdamediaatanpa perantara 2rdacarrieravolume aCB-D.11/2018-3410 aCB-D.11/2017-1293 aCB-D.11/2017-1293 aCB-D.11/2018-3410 a64641-PD/A.2019 a64642-PD/A.2019